000 01036nam a2200253 a 4500
001 000040388
003 DO-SdBNP
005 20250210130415.0
008 130823s2013 dr 000 0 spa d
020 _a9789945472219
040 _aDO-SdBNP
_bspa
_cBNPHU
082 4 _a616.8914
_b674n
_222
100 1 _aBogaert García, Humberto
_910918
245 1 0 _aNeurociencia y psicoanálisis :
_binvestigaciones y casos clínicos /
_cHumberto Bogaert García.
260 _aSanto Domingo :
_bInstituto Tecnológico de Santo Domingo,
_c2013.
300 _a324 p. :
_bil. ;
_c23 cm.
500 _aIncluye datos biográficos del autor en la solapa de la cubierta
500 _aIncluye referencias bibliográficas y notas al pie de las páginas
650 4 _aNeurología
_xInvestigaciones
_966688
650 4 _aNeuropsicología
_xCasos, historias clínicas, estadísticas, etc.
_966689
650 4 _aPsicoanálisis
_xInvestigaciones
_966690
650 4 _aPsicoanálisis
_xCasos, historia clínicas, estadísticas, etc.
_966691
942 _2ddc
_cLBS1
999 _c39878
_d39878